| 000 | 00447nam a2200157Ia 4500 | ||
|---|---|---|---|
| 999 |
_c5303 _d5303 |
||
| 003 | OSt | ||
| 005 | 20200120122518.0 | ||
| 008 | 190216s9999||||xx |||||||||||||| ||und|| | ||
| 040 | _coclc | ||
| 082 |
_a658 _bSAK/B |
||
| 100 |
_aSaksena, S C _91264 |
||
| 245 | 0 |
_aBusiness Administration And Management / _c S C Saksena |
|
| 260 |
_bSahitya Bhawan, _c1988. _aAgra: |
||
| 300 | _a651p | ||
| 942 |
_cBK _2ddc _h658 _iSAK/B _k658 _mSAK/B |
||